Normale Ansicht MARC-Ansicht ISBD

Ot vojny k miru: SSSR i Finljandija v 1939-1944 gg. (Titelsatznr. 4894)

[ MARC ]
MARC-Details
000 -Satzkennung
Kontrollfeld mit fester Länge 00523nam a22001811c 4500
001 - Kontrollnummer
Kontrollfeld a987655103
008 - Feld mit fester Länge zur physischen Beschreibung - Allgemeine Angaben
Kontrollfeld mit fester Länge 070221s2006 gw |||| 000u rus d
020 ## - Internationale Standardbuchnummer
Internationale Standardbuchnummer 5288039615
Verknüpfung 5-288-03961-5
041 ## - Sprachcode
Sprachcode des Textes/der Tonspur oder des separaten Titels rus
040 ## - Katalogisierungsquelle
Übertragungsstelle RU-10907106
003 - Kontrollnummer Identifier
Kontrollfeld RU-10907106
245 00 - Titel
Titel Ot vojny k miru: SSSR i Finljandija v 1939-1944 gg.
264 ## - Produktion, Veröffentlichung, Distribution, Herstellung und Urheberrechtsvermerk
Herstellungs-, Veröffentlichungs- Vertriebs-, Erzeugungsort Sankt-Peterburg :
Produzent, Herausgeber, Distributor, Hersteller S.-Peterb. Universitet,
Datum der Herstellung, der Veröffentlichung, des Vertriebs oder des Urheberschutzvermerks 2006
300 ## - Physische Beschreibung
Umfang 454 S.
700 1# - Nebeneintragung - Personenname
Personenname Baryšnikov, Vladimir N.
Funktionsbezeichnung HerausgeberIn
700 1# - Nebeneintragung - Personenname
Personenname Gordeckaja, T. N.
Funktionsbezeichnung HerausgeberIn
942 ## - Zusätzliche Felder (Koha)
Koha-Medientyp Monographien
Exemplare
Ausgeschieden Verloren Klassifikation oder Aufstellungssystematik Beschädigt Nicht entleihbar Heimatbibliothek Aufenthaltsbibliothek Aufstellungsort Erwerbungsdatum Inventarnummer Signatur Barcode Letzte Aktivität Preis gültig von Koha-Medientyp
    Andere/Generische Klassifikation     MWN Osteuropa MWN Osteuropa Magazin - 2 21/02/2007 07-00362 R 63 c Bar 2 E00401506CBE4A7C 23/02/2021 22/03/2021 Monographien